Barrier reef (Record no. 37735)

MARC details
000 -LEADER
fixed length control field 00248nam a2200109Ia 4500
082 ## - DEWEY DECIMAL CLASSIFICATION NUMBER
Classification number 82-3
Item number GRA
100 ## - MAIN ENTRY--AUTHOR NAME
Personal name Grant, Maxwell
245 #0 - TITLE STATEMENT
Title Barrier reef
260 ## - PUBLICATION, DISTRIBUTION, ETC. (IMPRINT)
Place of publication London
Name of publisher Star
Year of publication 1982
942 ## - ADDED ENTRY ELEMENTS (KOHA)
Koha item type Books
Holdings
Withdrawn status Lost status Damaged status Not for loan Home library Current library Date acquired Full call number Accession Number Koha item type
        RRII Library RRII Library 16/12/2021 82-3 GRA 18115 Books